000 01734cam a2200313 a 4500
999 _c128563
_d128563
001 4754428
003 ARRUPE
005 20181114094844.0
008 881110r1984 ne b 010 0beng
010 _a 85110892
020 _a9024731143 (pbk.)
040 _aDLC
_cDLC
_dDLC
043 _ae-gx---
050 0 0 _aHM22.G3
_bS299 1984
082 0 0 _a301/.092/4
_219
100 _aWagner, Helmut R.
_943435
245 0 0 _aAlfred Schutz :
_ban intellectual biography /
_cHelmut R. wagner .
260 _aChicago
_bThe University of Chicago Press
_c1983
300 _axiii, 352 p. ;
_c23 cm.
500 _a"Reprinted from Human studies, vol. 7(2), 1984."
504 _aIncludes bibliographies.
505 0 _aSchutz's life story and the understanding of his work / Helmut R. Wagner -- The well-informed citizen, Alfred Schutz and applied theory / Jonathan B. Imber -- Explorations of the Lebenswelt / David M. Rasmussen -- Discussion of Wagner, Imber, and Rasmussen / Kurt H. Wolff -- A. Schutz and F. Kaufmann / Ingeborg Katharina Helling -- On the origin of "phenomenological" sociology / Ilja Srubar -- Surrender-and-catch and phenomenology / Kurt H. Wolff -- On surrender, death, and the sociology of knowledge / Judith Feher -- The provisional homecomer / Funmilayo M. Jones.
600 1 0 _aSchutz, Alfred,
_d1899-1959.
_943436
650 0 _aPhenomenology
_943437
650 0 _aSociology
_xPhilosophy
_913582
730 0 _aHuman studies (Dordrecht, Netherlands)
_943438
906 _a7
_bcbc
_corignew
_d3
_encip
_f19
_gy-gencatlg
942 _2lcc
_cMONOGRAPH